00828 a2200133 4500082001500000100001900015110009300034245011200127260004100239300003000280505029900310650006700609700001800676 a394bES74m aEscobar, Ticio aDepartamento de Documentacion e Investigaciones Centro de Artes Visuales/Museo del Barro aLa Maldicion de NemurbAcerca del Arte, el Mito y el Ritual de los indigenas Ishir del gran Chaco Paraguayo aParaguaybEditorial Arte Nuevoc1999 a397 pbill (col)c26.5 cm tCapitulo I. El gran mitotCapitulo II. El arte plumariotCapitulo III. Las pinturas corporalestCapitulo IV. El ritotCapitulo V. Camino de ShamanestCapitulo VI. La historiatApendice I. Clasificacion de las piezas de arte plumariotApendice II. Pinturas Shamanicas: casostBibliografia citada amitologiaxindios-chaco paraguayo-religionxritos y ceremonias aTicio Escobar